000 02180cam a22005174i 4500
003 PE-LiUPU
005 20250731165604.0
008 150706s r 000 0 d
020 _a9871305052
035 _a(Sirsi) i9789871305056
040 _aPE-LiUPU
_bspa
_cPE-LiUPU
_erda
049 _aPRUA
082 0 4 _a027
_bM27
_221
100 1 _aMastropierro, María del Carmen,
_eautor.
245 1 0 _aArchivos privados :
_banálisis y gestión /
_cMaría del Carmen Mastropierro.
264 1 _aBuenos Aires :
_bAlfagrama,
_c2005.
300 _a352 páginas ;
_c23 centímetros
336 _atext
_2rdacontent
337 _aunmediated
_2rdamedia
338 _avolume
_2rdacarrier
490 0 _aBiblioteca Alfagrama. Serie Archivística ;
_v3
504 _aIncluye bibliografía.
505 0 _aEl archivo privado, objeto de estudio -- Previsiones para el proceso de organización -- La decisión de organizar -- Plan de organización del archivo privado -- Análisis documental: Instrumento AD-Hoc -- Instrumentos normalizados: ISAD (G), ISAAR (CPF) -- Estrategias del proceso de organización -- Puesta en marcha de la organización al servicio de la organización -- Puesta en marcha de la organización física y de la organización física y de la organización virtual -- Aplicación de los instrumentos.
526 _aSEG44
526 _aSEG26
526 _aP151
526 _aP150
526 _aP149
526 _aP146
526 _aP145
526 _aP126
526 _aP125
526 _aP92
526 _aP75
526 _aP74
526 _aP27
526 _aP15
541 _g015-0010658;
650 1 4 _aArchivos privados
_xAdministración
_2embne
910 _agl20090806
942 _2ddc
_cBOOK
949 _a027 M27
_wDEWEY
_c1
_i59893
_lCCODEBUL1
_mBUL
_p44.00
_r0
_sY
_tBOOK
_u2015-7-6
_xFCE
_zAGB
_0COMPRA
_o.STAFF. Colección General
994 _aC0
_bPEPRU
596 _a1
999 _a027 M27
_wDEWEY
_c49423
_i59893
_f2021-11-4
_g6
_lCCODEBUL1
_mBUL
_p44.00
_r0
_sY
_tBOOK
_u2015-7-6
_xBIBLIOTECA
_zAGB
_0COMPRA
_o.STAFF. Colección General
_d49423
980 _81
_gALBERTO SANCHEZ Responsable de Automatización